| 000 | 00494nam a22001577a 4500 | ||
|---|---|---|---|
| 999 |
_c9169 _d9169 |
||
| 008 | 210326b ||||| |||| 00| 0 eng d | ||
| 040 | _aBMS College of Architecture | ||
| 100 | _aS, Madhurika | ||
| 245 | _aA light rail system ; Interchange station - A public realm | ||
| 300 | _aNA | ||
| 500 | _a1BM04AT013 | ||
| 502 |
_8B.Arch _NBMS College of Architecture, Visvesvaraya Technological University _aProject report _d2009 |
||
| 650 | _aNA | ||
| 700 |
_aMamatha P Raj _eGuide |
||
| 942 |
_2ddc _cTHE |
||